Cosmology and particle astrophysics (Record no. 15147)

MARC details
000 -LEADER
fixed length control field 00902nam a2200241Ia 4500
003 - CONTROL NUMBER IDENTIFIER
control field IN-BaIIA
008 - FIXED-LENGTH DATA ELEMENTS--GENERAL INFORMATION
fixed length control field 211028s9999 xx 000 0 eng d
020 ## - INTERNATIONAL STANDARD BOOK NUMBER
International Standard Book Number 981-238-284-4
040 ## - CATALOGING SOURCE
Transcribing agency IIA Library
080 ## - UNIVERSAL DECIMAL CLASSIFICATION NUMBER
Universal Decimal Classification number 524.834
Item number HE
111 ## - MAIN ENTRY--MEETING NAME
Meeting name or jurisdiction name as entry element Symposium on Cosmology and Particle Astrophysics-2002
Location of meeting Taiwan
Date of meeting or treaty signing 2002 May 31- Jun. 2
9 (RLIN) 27720
245 #0 - TITLE STATEMENT
Title Cosmology and particle astrophysics
Remainder of title proceedings of the COSPA 2002 International symposium held in Taipei, Taiwan, May 31- June 2, 2002
Statement of responsibility, etc. edited by X-G. He and Ng, K-W
260 ## - PUBLICATION, DISTRIBUTION, ETC.
Place of publication, distribution, etc. New Jersey
Name of publisher, distributor, etc. World Scientific
Date of publication, distribution, etc. 2003
300 ## - PHYSICAL DESCRIPTION
Extent viii, 332p.
650 ## - SUBJECT ADDED ENTRY--TOPICAL TERM
Topical term or geographic name entry element Active galaxies
9 (RLIN) 1285
650 ## - SUBJECT ADDED ENTRY--TOPICAL TERM
Topical term or geographic name entry element Baryogenesis
9 (RLIN) 27172
650 ## - SUBJECT ADDED ENTRY--TOPICAL TERM
Topical term or geographic name entry element Cosmic rays
650 ## - SUBJECT ADDED ENTRY--TOPICAL TERM
Topical term or geographic name entry element Galaxy clusters
9 (RLIN) 13872
650 ## - SUBJECT ADDED ENTRY--TOPICAL TERM
Topical term or geographic name entry element Neutrinos
9 (RLIN) 1923
700 ## - ADDED ENTRY--PERSONAL NAME
Personal name He, X-G., ed.
9 (RLIN) 27721
700 ## - ADDED ENTRY--PERSONAL NAME
Personal name Ng, K-W., ed.
9 (RLIN) 22957
942 ## - ADDED ENTRY ELEMENTS (KOHA)
Koha item type Books
Holdings
Withdrawn status Lost status Damaged status Not for loan Home library Current library Shelving location Date acquired Source of acquisition Cost, normal purchase price Total Checkouts Full call number Barcode Date last seen Cost, replacement price Price effective from Koha item type Purchase Price
        IIA Library-Bangalore IIA Library-Bangalore General Stacks 28/06/2003 WOS 3798.90   524.834/ HE 16069 05/11/2021 3798.90 28/06/2003 Books Rs. 3798.90

Powered by Koha